logo

Bir Sreshtho Munshi Abdur Rouf Library
Jhenaidah Cadet College

Systems Analysis And Design- A Practitioner's Approach / (Record no. 12026)

MARC details
000 -LEADER
fixed length control field 00845nam a2200265 a 4500
001 - CONTROL NUMBER
JCCL Control Number 12026
003 - CONTROL NUMBER IDENTIFIER
JCCL marc code BD-JhCC
005 - DATE AND TIME OF LATEST TRANSACTION
control field 20210308084423.0
008 - FIXED-LENGTH DATA ELEMENTS--GENERAL INFORMATION
fixed length control field 210308b2005 bg |||| ||a| 000 0 eng d
020 ## - INTERNATIONAL STANDARD BOOK NUMBER
International Standard Book Number 9848090185
035 ## - SYSTEM CONTROL NUMBER
system control number (BD-JhCC)12026
040 ## - CATALOGING SOURCE
Original cataloging agency BD-JhCC
Modifying agency BD-JhCC
041 ## - LANGUAGE CODE
Language code of Book eng
082 ## - DEWEY DECIMAL CLASSIFICATION NUMBER
Classification number 004.21
Author mark and Year HAF 2005
100 ## - MAIN ENTRY--PERSONAL NAME
Personal name Hafiz,Munawar
245 ## - TITLE STATEMENT
Title Systems Analysis And Design- A Practitioner's Approach /
Statement of responsibility, etc Hafiz Munawar,M.Sohel Rahman,Mohammed Eunus Ali, M.Kaykobad
260 ## - PUBLICATION, DISTRIBUTION, ETC. (IMPRINT)
Place of publication, distribution, etc Dhaka:
Name of publisher, distributor, etc University Grants Commission Of Bangladesh;
Date of publication, distribution, etc 2005.
300 ## - PHYSICAL DESCRIPTION
Pagination 648 P. :
Dimensions 21 cm.
650 ## - SUBJECT ADDED ENTRY--TOPICAL TERM
Topical term or geographic name as entry element System design
General subdivision System analysis
Chronological subdivision Systems programming (Computer science)
Geographic subdivision Software engineering
700 ## - ADDED ENTRY--PERSONAL NAME
Personal name Rahman,M.Sohel
700 ## - ADDED ENTRY--PERSONAL NAME
Personal name Ali, Mohammed Eunus
700 ## - ADDED ENTRY--PERSONAL NAME
Personal name Kaykobad,M.
942 ## - ADDED ENTRY ELEMENTS (KOHA)
Source of classification or shelving scheme Dewey Decimal Classification
Koha item type Books
Holdings
Source of classification or shelving scheme Damaged status Not for loan Home library Current library Shelving location Date of accession Source of acquisition Cost, normal purchase price Total Checkouts Full call number Barcode Date last seen Copy number Koha item type
Dewey Decimal Classification     JCC Rouf Library JCC Rouf Library General Stacks 03/08/2021 Lt. Gen. Mahfuzur Rahman (10th intake) 233.00   004.21 HAF 2005 16361 03/08/2021 C-1 Books

JCC Library | Contacts | JCC Home

Last Update on 23 September 2017
Copyright @ 2017-2020 JCC Rouf Library
Rouf Library, Jhenidah Cadet College (JCC), Bangladesh